| 000 | 00989cam a2200217 4500 | ||
|---|---|---|---|
| 001 | ABS65796 | ||
| 008 | 020815n2002 000 0 eng u | ||
| 035 | _a(Sirsi) u119345 | ||
| 100 | _aSpring, M. | ||
| 245 | _aHow to account for taste | ||
| 260 | _c2002 | ||
| 490 |
_aBuilding _v267 (8241) 12 July 2002, 39-43(5) |
||
| 520 | _aExplains the Construction Industry Council's system for appraising all aspects of a building. Hodder Associates' Darlaston swimming pool is used as a case study in assessing the design quality indicator (DQI). DQI complements the Movement for Innovation (M4I) key performance indicators (KPIs) but, unlike KPIs which appraise the construction process, DQIs appraise the product using three categories - functionality, build quality and impact. | ||
| 590 | _aABS | ||
| 650 | _aDESIGN QUALITY INDICATORS | ||
| 650 | _aDESIGN QUALITY | ||
| 650 | _aASSESSMENTS | ||
| 650 | _aBUILDINGS | ||
| 690 | _aBUILT ENVIRONMENT-CONSTRUCTION DESIGN | ||
| 942 | _n0 | ||
| 999 |
_c70960 _d70960 |
||